[Event "Counties Championship"]
[Site "Trident Park, Warwick"]
[Date "2016.07.02"]
[Round "2.10"]
[White "Foord, Dominic"]
[Black "Watson, Phil R"]
[Result "1/2-1/2"]
[BlackElo "195"]
[WhiteElo "194"]
[LiveChessVersion "1.4.8"]

1. d4 {[%clk 1:49:56]} d5 {[%clk 1:49:52]} 2. c4 {[%clk 1:49:53]} e6
{[%clk 1:49:54]} 3. Nc3 {[%clk 1:48:58]} Nf6 {[%clk 1:49:35]} 4. cxd5
{[%clk 1:48:23]} exd5 {[%clk 1:49:30]} 5. Bg5 {[%clk 1:48:28]} c6
{[%clk 1:49:08]} 6. e3 {[%clk 1:48:28]} Bf5 {[%clk 1:48:16]} 7. h3
{[%clk 1:47:11]} Nbd7 {[%clk 1:45:16]} 8. Be2 {[%clk 1:41:13]} Bd6
{[%clk 1:40:07]} 9. g4 {[%clk 1:23:50]} Bg6 {[%clk 1:33:58]} 10. Qd2
{[%clk 1:21:23]} Qa5 {[%clk 1:18:10]} 11. Bf4 {[%clk 1:17:36]} Bb4
{[%clk 1:12:07]} 12. f3 {[%clk 1:17:40]} Nb6 {[%clk 1:05:24]} 13. a3
{[%clk 1:06:22]} O-O {[%clk 0:56:55]} 14. Rc1 {[%clk 1:04:26]} Bxc3
{[%clk 0:48:16]} 15. Qxc3 {[%clk 1:04:23]} Qxc3+ {[%clk 0:45:54]} 16. bxc3
{[%clk 1:04:27]} Rfe8 {[%clk 0:43:40]} 17. Kd2 {[%clk 1:01:59]} c5
{[%clk 0:37:15]} 18. dxc5 {[%clk 0:57:19]} Nc4+ {[%clk 0:36:23]} 19. Bxc4
{[%clk 0:50:10]} dxc4 {[%clk 0:36:25]} 20. Ne2 {[%clk 0:50:09]} Bd3
{[%clk 0:29:02]} 21. Nd4 {[%clk 0:47:39]} Rac8 {[%clk 0:25:59]} 22. Bd6
{[%clk 0:46:02]} Nd7 {[%clk 0:23:19]} 23. e4 {[%clk 0:39:14]} Nxc5
{[%clk 0:21:55]} 24. Ke3 {[%clk 0:39:14]} b6 {[%clk 0:18:16]} 25. Rh2
{[%clk 0:23:20]} g6 {[%clk 0:14:35]} 26. Bg3 {[%clk 0:21:35]} Na4
{[%clk 0:09:06]} 27. h4 {[%clk 0:21:29]} h6 {[%clk 0:07:39]} 28. h5
{[%clk 0:19:29]} g5 {[%clk 0:07:01]} 29. Nf5 {[%clk 0:19:14]} Re6
{[%clk 0:06:27]} 30. Nd4 {[%clk 0:08:38]} Ree8 {[%clk 0:06:17]} 31. Rd2
{[%clk 0:08:27]} Kh7 {[%clk 0:05:36]} 32. Bd6 {[%clk 0:06:25]} Rcd8
{[%clk 0:04:43]} 33. Nf5 {[%clk 0:05:59]} Nc5 {[%clk 0:03:55]} 34. Bxc5
{[%clk 0:05:22]} bxc5 {[%clk 0:04:03]} 35. Rb2 {[%clk 0:05:02]} Rb8
{[%clk 0:04:05]} 36. Rxb8 {[%clk 0:05:07]} Rxb8 {[%clk 0:04:11]} 37. Nd6
{[%clk 0:05:08]} Kg8 {[%clk 0:02:43]} 38. f4 {[%clk 0:03:15]} Rb3
{[%clk 0:01:08]} 39. a4 {[%clk 0:03:06]} Ra3 {[%clk 0:01:04]} 40. fxg5
{[%clk 0:02:36]} hxg5 {[%clk 0:01:06]} 41. h6 {[%clk 0:24:33]} f6
{[%clk 0:12:43]} 42. Nb7 {[%clk 0:17:19]} Ra2 {[%clk 0:11:09]} 43. Nxc5
{[%clk 0:17:02]} Rh2 {[%clk 0:11:01]} 44. Nxd3 {[%clk 0:16:09]} Rh3+
{[%clk 0:10:29]} 45. Kd4 {[%clk 0:16:12]} cxd3 {[%clk 0:09:21]} 46. Rd1
{[%clk 0:15:31]} Rg3 {[%clk 0:07:20]} 47. Rxd3 {[%clk 0:15:29]} Rxg4
{[%clk 0:07:26]} 48. Rf3 {[%clk 0:14:23]} Kf7 {[%clk 0:05:56]} 49. Rh3
{[%clk 0:13:02]} Kg8 {[%clk 0:05:43]} 50. Rf3 {[%clk 0:11:15]} Kf7
{[%clk 0:05:48]} 51. Kd5 {[%clk 0:09:58]} Rh4 {[%clk 0:05:06]} 52. e5
{[%clk 0:09:07]} Rxh6 {[%clk 0:05:10]} 53. Rf5 {[%clk 0:05:52]} g4
{[%clk 0:04:07]} 54. Kd6 {[%clk 0:05:51]} g3 {[%clk 0:02:34]} 55. e6+
{[%clk 0:05:55]} Kg7 {[%clk 0:01:08]} 56. Rb5 {[%clk 0:04:20]} g2
{[%clk 0:01:01]} 57. Rb7+ {[%clk 0:04:24]} Kg6 {[%clk 0:00:52]} 58. e7
{[%clk 0:01:56]} Rh8 {[%clk 0:00:51]} 59. Rb1 {[%clk 0:02:01]} Kf7
{[%clk 0:00:49]} 60. Rg1 {[%clk 0:01:43]} Rg8 {[%clk 0:00:39]} 61. Kd7
{[%clk 0:01:00]} Re8 {[%clk 0:00:48]} 62. Rxg2 {[%clk 0:01:04]} Rxe7+
{[%clk 0:00:56]} 63. Kc6 {[%clk 0:01:08]} Re4 {[%clk 0:00:54]} 64. a5
{[%clk 0:01:10]} Rc4+ {[%clk 0:01:02]} 65. Kb7 {[%clk 0:01:13]} Rxc3
{[%clk 0:01:10]} 66. Kxa7 {[%clk 0:01:12]} f5 {[%clk 0:01:13]} 67. a6
{[%clk 0:01:20]} Kf6 {[%clk 0:01:19]} 68. Rb2 {[%clk 0:01:19]} Ra3
{[%clk 0:01:22]} 69. Kb7 {[%clk 0:01:27]} f4 {[%clk 0:01:26]} 70. a7
{[%clk 0:01:35]} Rxa7+ {[%clk 0:01:29]} 71. Kxa7 {[%clk 0:01:43]} Ke5
{[%clk 0:01:38]} 72. Rb8 {[%clk 0:00:23]} f3 {[%clk 0:01:12]} 73. Kb6
{[%clk 0:00:31]} Kd4 {[%clk 0:01:20]} 74. Rd8+ {[%clk 0:00:13]} Ke3
{[%clk 0:01:26]} 75. Re8+ {[%clk 0:00:22]} Kd4 {[%clk 0:01:34]} 76. Rf8
{[%clk 0:00:17]} Ke3 {[%clk 0:01:43]} 77. Rxf3+ {[%clk 0:00:25]} Kxf3 1/2-1/2

[Event "Counties Championship"]
[Site "Trident Park, Warwick"]
[Date "2016.07.02"]
[Round "2.11"]
[White "Adams, David M"]
[Black "Mogilarov, Dimitar"]
[Result "1-0"]
[BlackElo "187"]
[WhiteElo "203"]
[LiveChessVersion "1.4.8"]

1. e4 {[%clk 1:50:15]} c5 {[%clk 1:50:15]} 2. c3 {[%clk 1:50:19]} Nf6
{[%clk 1:49:48]} 3. e5 {[%clk 1:50:24]} Nd5 {[%clk 1:49:54]} 4. g3
{[%clk 1:50:29]} Nc6 {[%clk 1:49:17]} 5. Bg2 {[%clk 1:32:54]} Nb6
{[%clk 1:46:08]} 6. Qe2 {[%clk 1:29:58]} g6 {[%clk 1:44:17]} 7. a4
{[%clk 1:26:38]} d5 {[%clk 1:38:25]} 8. f4 {[%clk 1:21:57]} a6 {[%clk 1:34:52]}
9. d3 {[%clk 1:14:48]} Na5 {[%clk 1:34:20]} 10. Nd2 {[%clk 1:14:11]} c4
{[%clk 1:32:18]} 11. Ngf3 {[%clk 1:07:40]} Bf5 {[%clk 1:28:22]} 12. dxc4
{[%clk 1:07:38]} dxc4 {[%clk 1:28:02]} 13. e6 {[%clk 1:05:45]} f6
{[%clk 0:54:09]} 14. Nd4 {[%clk 1:04:35]} Bd3 {[%clk 0:54:00]} 15. Qf3
{[%clk 1:03:12]} Rc8 {[%clk 0:51:22]} 16. f5 {[%clk 0:49:34]} Bh6
{[%clk 0:40:27]} 17. Ne4 {[%clk 0:38:53]} Bxc1 {[%clk 0:39:17]} 18. Rxc1
{[%clk 0:37:56]} Nc6 {[%clk 0:32:18]} 19. fxg6 {[%clk 0:36:52]} hxg6
{[%clk 0:29:08]} 20. Qe3 {[%clk 0:29:07]} Nd5 {[%clk 0:19:17]} 21. Qd2
{[%clk 0:28:11]} Nxd4 {[%clk 0:17:15]} 22. cxd4 {[%clk 0:28:16]} Nc7
{[%clk 0:17:07]} 23. Nf2 {[%clk 0:22:50]} Qxd4 {[%clk 0:12:40]} 24. Be4
{[%clk 0:18:49]} Qe5 {[%clk 0:10:48]} 25. Rxc4 {[%clk 0:18:15]} Bxc4
{[%clk 0:07:21]} 26. Qd7+ {[%clk 0:18:21]} Kf8 {[%clk 0:07:30]} 27. Qxc8+
{[%clk 0:18:24]} Kg7 {[%clk 0:07:33]} 28. Qd7 {[%clk 0:17:59]} Bxe6
{[%clk 0:07:13]} 29. Qxe7+ {[%clk 0:17:49]} Kh6 {[%clk 0:05:55]} 30. O-O
{[%clk 0:17:17]} Re8 {[%clk 0:05:08]} 31. Qb4 {[%clk 0:15:41]} b5
{[%clk 0:04:18]} 32. Re1 {[%clk 0:11:37]} Bf5 {[%clk 0:02:58]} 33. Rc1
{[%clk 0:09:58]} Ne6 {[%clk 0:02:15]} 34. Qd2+ {[%clk 0:08:31]} g5
{[%clk 0:02:03]} 35. Qd7 {[%clk 0:04:14]} Nd4 {[%clk 0:01:45]} 36. Ng4+
{[%clk 0:04:04]} Kh5 {[%clk 0:01:29]} 37. Nxe5 {[%clk 0:03:38]} Bxd7
{[%clk 0:01:35]} 38. Bg6+ {[%clk 0:03:36]} Kh6 {[%clk 0:01:22]} 39. Bxe8
{[%clk 0:03:41]} Bxe8 {[%clk 0:01:29]} 40. Rc8 {[%clk 0:01:23]} fxe5
{[%clk 0:00:26]} 41. Rxe8 {[%clk 0:01:24]} Nf3+ {[%clk 0:21:52]} 42. Kf2
{[%clk 0:25:03]} Nxh2 {[%clk 0:21:28]} 43. Rh8+ 1-0

[Event "Counties Championship"]
[Site "Trident Park, Warwick"]
[Date "2016.07.02"]
[Round "2.12"]
[White "Mackenzie, Colin"]
[Black "Shaw, Peter"]
[Result "1/2-1/2"]
[BlackElo "200"]
[WhiteElo "184"]
[LiveChessVersion "1.4.8"]

1. c4 {[%clk 1:50:17]} e5 {[%clk 1:50:11]} 2. Nc3 {[%clk 1:50:21]} d6
{[%clk 1:50:11]} 3. d4 {[%clk 1:49:57]} exd4 {[%clk 1:49:55]} 4. Qxd4
{[%clk 1:50:01]} Nf6 {[%clk 1:49:15]} 5. g3 {[%clk 1:49:24]} Nc6 {[%clk 1:48:43]}
6. Qd2 {[%clk 1:49:24]} g6 {[%clk 1:46:56]} 7. b3 {[%clk 1:45:12]} Bg7
{[%clk 1:46:51]} 8. Bb2 {[%clk 1:45:16]} O-O {[%clk 1:46:34]} 9. Bg2
{[%clk 1:45:24]} Re8 {[%clk 1:42:22]} 10. Nh3 {[%clk 1:39:55]} Bf5
{[%clk 1:35:26]} 11. O-O {[%clk 1:38:00]} Ne4 {[%clk 1:24:45]} 12. Nxe4
{[%clk 1:34:29]} Bxe4 {[%clk 1:24:35]} 13. f3 {[%clk 1:17:01]} Bf5
{[%clk 1:23:06]} 14. e4 {[%clk 1:12:17]} Bxb2 {[%clk 1:10:16]} 15. Qxb2
{[%clk 1:10:15]} Bxh3 {[%clk 1:06:04]} 16. Bxh3 {[%clk 1:10:08]} Qg5
{[%clk 1:04:49]} 17. Rad1 {[%clk 0:59:41]} Qe3+ {[%clk 0:50:33]} 18. Qf2
{[%clk 0:43:32]} Qxf2+ {[%clk 0:50:23]} 19. Rxf2 {[%clk 0:43:29]} Re7
{[%clk 0:50:18]} 20. Bg2 {[%clk 0:42:00]} a5 {[%clk 0:35:15]} 21. a3
{[%clk 0:35:43]} Kg7 {[%clk 0:34:01]} 22. f4 {[%clk 0:27:09]} Rae8
{[%clk 0:28:38]} 23. Rfd2 {[%clk 0:15:21]} 1/2-1/2

[Event "Counties Championship"]
[Site "Trident Park, Warwick"]
[Date "2016.07.02"]
[Round "2.13"]
[White "Walton, Alan"]
[Black "Ackley, Peter"]
[Result "1-0"]
[BlackElo "188"]
[WhiteElo "203"]
[LiveChessVersion "1.4.8"]

1. d4 {[%clk 1:50:15]} g6 {[%clk 1:43:01]} 2. e4 {[%clk 1:50:09]} Bg7
{[%clk 1:42:59]} 3. Nc3 {[%clk 1:49:49]} d6 {[%clk 1:42:59]} 4. Be3
{[%clk 1:49:13]} a6 {[%clk 1:42:56]} 5. a4 {[%clk 1:49:16]} b6 {[%clk 1:42:55]}
6. Qd2 {[%clk 1:48:37]} e6 {[%clk 1:39:18]} 7. Nf3 {[%clk 1:45:30]} h6
{[%clk 1:38:27]} 8. Bd3 {[%clk 1:43:55]} Ne7 {[%clk 1:35:50]} 9. O-O
{[%clk 1:41:16]} Nd7 {[%clk 1:35:08]} 10. Ne2 {[%clk 1:37:59]} Bb7
{[%clk 1:32:06]} 11. c4 {[%clk 1:33:34]} a5 {[%clk 1:11:53]} 12. Rac1
{[%clk 1:30:34]} Nc6 {[%clk 0:53:59]} 13. d5 {[%clk 1:22:03]} Nce5
{[%clk 0:46:46]} 14. Nxe5 {[%clk 1:21:33]} Nxe5 {[%clk 0:46:41]} 15. Bb1
{[%clk 1:17:54]} Ng4 {[%clk 0:31:31]} 16. dxe6 {[%clk 1:15:43]} fxe6
{[%clk 0:31:30]} 17. Nf4 {[%clk 1:12:46]} Qf6 {[%clk 0:28:21]} 18. Bxb6
{[%clk 1:10:43]} Qxb2 {[%clk 0:24:55]} 19. Qd1 {[%clk 1:09:17]} Nxh2
{[%clk 0:20:48]} 20. Kxh2 {[%clk 1:05:58]} Be5 {[%clk 0:16:34]} 21. Be3
{[%clk 1:04:50]} g5 {[%clk 0:16:18]} 22. Qh5+ {[%clk 1:01:01]} Ke7
{[%clk 0:15:50]} 23. g3 {[%clk 1:00:28]} gxf4 {[%clk 0:15:34]} 24. gxf4
{[%clk 1:00:30]} Bd4 {[%clk 0:14:17]} 25. Rc2 {[%clk 0:58:03]} Qb6
{[%clk 0:12:16]} 26. c5 {[%clk 0:56:31]} dxc5 {[%clk 0:11:24]} 27. Bxd4
{[%clk 0:55:57]} cxd4 {[%clk 0:11:27]} 28. Qe5 {[%clk 0:55:46]} Bc6
{[%clk 0:04:00]} 29. Ba2 {[%clk 0:55:00]} 1-0

[Event "Counties Championship"]
[Site "Trident Park, Warwick"]
[Date "2016.07.02"]
[Round "2.14"]
[White "Coles, Steven"]
[Black "Burnett, Jim"]
[Result "0-1"]
[BlackElo "196"]
[WhiteElo "179"]
[LiveChessVersion "1.4.8"]

1. d4 {[%clk 1:50:14]} d5 {[%clk 1:50:16]} 2. Bf4 {[%clk 1:50:07]} Nf6
{[%clk 1:50:20]} 3. e3 {[%clk 1:49:11]} c5 {[%clk 1:50:21]} 4. c3
{[%clk 1:47:39]} Nc6 {[%clk 1:49:18]} 5. Bd3 {[%clk 1:45:51]} Bg4
{[%clk 1:44:31]} 6. f3 {[%clk 1:41:39]} Bh5 {[%clk 1:42:51]} 7. Nd2
{[%clk 1:36:59]} Bg6 {[%clk 1:36:17]} 8. Qe2 {[%clk 1:15:33]} e6 {[%clk 1:33:09]}
9. Bg5 {[%clk 1:12:38]} cxd4 {[%clk 1:31:20]} 10. exd4 {[%clk 1:08:16]} Be7
{[%clk 1:31:12]} 11. Bxg6 {[%clk 0:58:38]} hxg6 {[%clk 1:31:04]} 12. f4
{[%clk 0:56:04]} Qc7 {[%clk 1:26:35]} 13. Nh3 {[%clk 0:48:59]} O-O
{[%clk 1:17:04]} 14. O-O {[%clk 0:43:38]} b5 {[%clk 1:16:37]} 15. a3
{[%clk 0:41:17]} Na5 {[%clk 1:11:52]} 16. b4 {[%clk 0:39:29]} Nc4 17. Nxc4
{[%clk 0:39:29]} dxc4 {[%clk 1:09:22]} 18. Bxf6 {[%clk 0:37:19]} Bxf6
{[%clk 1:08:10]} 19. Ng5 {[%clk 0:28:31]} Bxg5 {[%clk 1:02:10]} 20. fxg5
{[%clk 0:28:34]} Rad8 {[%clk 1:01:13]} 21. a4 {[%clk 0:25:51]} a6 22. axb5
{[%clk 0:18:48]} axb5 {[%clk 1:00:33]} 23. Qe4 {[%clk 0:18:01]} Rd5
{[%clk 1:00:01]} 24. h4 {[%clk 0:17:35]} Rfd8 {[%clk 0:57:06]} 25. Qf4
{[%clk 0:16:38]} e5 {[%clk 0:42:22]} 26. dxe5 {[%clk 0:16:18]} Rxe5
{[%clk 0:42:23]} 27. Qf2 {[%clk 0:11:56]} Rf5 {[%clk 0:37:50]} 28. Qe3
{[%clk 0:11:48]} Rd3 {[%clk 0:32:15]} 29. Qe8+ {[%clk 0:09:32]} Kh7
{[%clk 0:32:12]} 30. Rfe1 {[%clk 0:08:09]} Rh3 {[%clk 0:22:41]} 31. gxh3
{[%clk 0:05:40]} Qg3+ {[%clk 0:22:26]} 32. Kh1 {[%clk 0:05:40]} Rf2
{[%clk 0:21:41]} 33. Qh8+ {[%clk 0:03:30]} Kxh8 {[%clk 0:21:43]} 34. Ra8+
{[%clk 0:03:31]} Kh7 {[%clk 0:21:47]} 35. Rh8+ {[%clk 0:03:39]} Kxh8
{[%clk 0:21:41]} 36. Re8+ {[%clk 0:03:44]} Kh7 {[%clk 0:21:41]} 37. Rh8+
{[%clk 0:03:51]} Kxh8 0-1

[Event "Counties Championship"]
[Site "Trident Park, Warwick"]
[Date "2016.07.02"]
[Round "2.15"]
[White "Cooper, Gavyn"]
[Black "Chan, Nevil"]
[Result "1/2-1/2"]
[BlackElo "187"]
[WhiteElo "184"]
[LiveChessVersion "1.4.8"]

1. Nf3 {[%clk 1:50:15]} b6 {[%clk 1:48:19]} 2. e4 {[%clk 1:44:40]} Bb7
{[%clk 1:47:42]} 3. Nc3 {[%clk 1:44:20]} e6 {[%clk 1:47:21]} 4. d4
{[%clk 1:42:29]} Bb4 {[%clk 1:46:06]} 5. Bd3 {[%clk 1:40:13]} Nf6
{[%clk 1:45:43]} 6. Qe2 {[%clk 1:37:03]} d5 {[%clk 1:43:32]} 7. e5
{[%clk 1:26:39]} Ne4 {[%clk 1:40:20]} 8. Bd2 {[%clk 1:25:12]} Nxd2
{[%clk 1:35:39]} 9. Qxd2 {[%clk 1:24:43]} Ba6 {[%clk 1:31:22]} 10. Bxa6
{[%clk 1:18:10]} Nxa6 {[%clk 1:30:52]} 11. a3 {[%clk 1:04:16]} Be7
{[%clk 1:29:09]} 12. Ne2 {[%clk 1:03:22]} c5 {[%clk 1:25:22]} 13. c3
{[%clk 1:02:44]} c4 {[%clk 1:21:29]} 14. h4 {[%clk 0:58:12]} h5 {[%clk 0:56:45]}
15. Ng5 {[%clk 0:53:04]} g6 {[%clk 0:53:15]} 16. Qf4 {[%clk 0:50:15]} Bxg5
{[%clk 0:43:18]} 17. hxg5 {[%clk 0:50:18]} Rf8 {[%clk 0:42:31]} 18. g4
{[%clk 0:46:55]} hxg4 {[%clk 0:42:08]} 19. Rh7 {[%clk 0:46:15]} Qe7
{[%clk 0:33:07]} 20. Kf1 {[%clk 0:43:41]} O-O-O {[%clk 0:28:17]} 21. Kg2
{[%clk 0:43:11]} Rd7 {[%clk 0:27:02]} 22. Rah1 {[%clk 0:42:43]} Rg8
{[%clk 0:26:27]} 23. Ng3 {[%clk 0:39:12]} Nc7 {[%clk 0:19:52]} 24. Rh8
{[%clk 0:25:54]} Rxh8 {[%clk 0:12:04]} 25. Rxh8+ {[%clk 0:25:58]} Rd8
{[%clk 0:10:08]} 26. Rh7 {[%clk 0:25:43]} Rd7 {[%clk 0:09:52]} 27. Nf1
{[%clk 0:25:23]} Ne8 {[%clk 0:03:00]} 28. Ne3 {[%clk 0:24:38]} Qf8
{[%clk 0:01:53]} 29. Qh2 {[%clk 0:21:41]} Kc7 {[%clk 0:00:40]} 30. Rh8
{[%clk 0:20:47]} Qe7 {[%clk 0:00:37]} 31. Qh6 {[%clk 0:20:42]} Kb7
{[%clk 0:00:19]} 32. Nxg4 {[%clk 0:20:43]} Rc7 {[%clk 0:00:19]} 33. f4
{[%clk 0:17:51]} Qd7 {[%clk 0:00:25]} 34. Qf8 {[%clk 0:11:49]} Qb5
{[%clk 0:00:31]} 35. Qb4 {[%clk 0:11:54]} Qd7 {[%clk 0:00:16]} 36. a4
{[%clk 0:09:33]} a5 {[%clk 0:00:23]} 37. Qb5 {[%clk 0:08:28]} Qxb5
{[%clk 0:00:24]} 38. axb5 {[%clk 0:08:33]} Re7 {[%clk 0:00:28]} 39. Kf3
{[%clk 0:04:39]} Nc7 {[%clk 0:00:35]} 40. Ke3 {[%clk 0:04:32]} Nxb5
{[%clk 0:00:39]} 41. Nh6 {[%clk 0:04:03]} a4 {[%clk 0:18:35]} 42. Kd2
{[%clk 0:28:27]} Kc6 {[%clk 0:18:26]} 43. Ra8 {[%clk 0:19:21]} Rc7
{[%clk 0:14:20]} 44. Rxa4 {[%clk 0:18:01]} Na7 {[%clk 0:13:57]} 45. Ra1
{[%clk 0:17:43]} b5 {[%clk 0:13:29]} 46. Ng8 {[%clk 0:15:55]} b4 {[%clk 0:11:59]}
47. Ra4 {[%clk 0:11:10]} bxc3+ {[%clk 0:10:50]} 48. bxc3 {[%clk 0:11:08]} Rb7
{[%clk 0:09:17]} 49. Kc2 {[%clk 0:10:35]} Kd7 {[%clk 0:08:05]} 50. Ra6
{[%clk 0:09:43]} Nc8 {[%clk 0:03:00]} 51. Ra8 {[%clk 0:06:22]} Nb6
{[%clk 0:01:12]} 52. Rf8 {[%clk 0:03:54]} Kc6 {[%clk 0:01:19]} 53. Nh6
{[%clk 0:03:02]} Na4 {[%clk 0:01:28]} 54. Nxf7 {[%clk 0:02:45]} Rb2+
{[%clk 0:01:35]} 55. Kc1 {[%clk 0:02:49]} Rf2 {[%clk 0:01:32]} 56. Nh8
{[%clk 0:00:45]} Nxc3 {[%clk 0:01:36]} 57. Nxg6 {[%clk 0:00:17]} Na2+
{[%clk 0:01:33]} 58. Kb1 {[%clk 0:00:17]} Kb7 {[%clk 0:00:39]} 59. Rf7+
{[%clk 0:00:26]} Kb6 {[%clk 0:00:44]} 60. Rf8 {[%clk 0:00:19]} Kb5
{[%clk 0:00:35]} 61. Ra8 {[%clk 0:00:18]} Nc3+ {[%clk 0:00:36]} 62. Kc1
{[%clk 0:00:27]} Kb4 {[%clk 0:00:41]} 63. Nf8 {[%clk 0:00:20]} Nb5
{[%clk 0:00:48]} 64. Nxe6 {[%clk 0:00:17]} Kb3 {[%clk 0:00:35]} 65. Rb8
{[%clk 0:00:16]} Kc3 {[%clk 0:00:43]} 66. Kd1 {[%clk 0:00:23]} Nxd4
{[%clk 0:00:21]} 67. Nxd4 {[%clk 0:00:17]} Kxd4 {[%clk 0:00:30]} 68. Ke1
{[%clk 0:00:16]} Rxf4 {[%clk 0:00:37]} 69. g6 {[%clk 0:00:13]} Rg4
{[%clk 0:00:35]} 70. Rg8 {[%clk 0:00:16]} Kxe5 {[%clk 0:00:34]} 71. g7
{[%clk 0:00:24]} Kf6 {[%clk 0:00:38]} 72. Rd8 {[%clk 0:00:25]} Rxg7
{[%clk 0:00:18]} 73. Rxd5 {[%clk 0:00:32]} Rc7 {[%clk 0:00:21]} 74. Kd2
{[%clk 0:00:35]} Ke6 {[%clk 0:00:26]} 75. Rd4 {[%clk 0:00:21]} Ke5
{[%clk 0:00:31]} 76. Kc3 {[%clk 0:00:21]} 1/2-1/2

[Event "Counties Championship"]
[Site "Trident Park, Warwick"]
[Date "2016.07.02"]
[Round "2.16"]
[White "Crichton, Martin"]
[Black "Drabble, Andrew"]
[Result "0-1"]
[BlackElo "190"]
[WhiteElo "182"]
[LiveChessVersion "1.4.8"]

1. c4 {[%clk 1:50:12]} e6 {[%clk 1:49:12]} 2. g3 {[%clk 1:48:54]} Nf6
{[%clk 1:48:49]} 3. Bg2 {[%clk 1:48:43]} d5 {[%clk 1:47:43]} 4. Nf3
{[%clk 1:47:35]} Be7 {[%clk 1:47:14]} 5. d4 {[%clk 1:47:02]} O-O {[%clk 1:45:50]}
6. O-O {[%clk 1:46:20]} Nbd7 {[%clk 1:44:58]} 7. cxd5 {[%clk 1:45:31]} exd5
{[%clk 1:44:47]} 8. Nc3 {[%clk 1:45:20]} c6 {[%clk 1:41:16]} 9. Nd2
{[%clk 1:34:23]} Re8 {[%clk 1:38:05]} 10. e4 {[%clk 1:33:56]} dxe4
{[%clk 1:37:17]} 11. Ndxe4 {[%clk 1:33:43]} Nxe4 {[%clk 1:36:27]} 12. Nxe4
{[%clk 1:33:45]} Nb6 {[%clk 1:36:13]} 13. b3 {[%clk 1:25:30]} Nd5
{[%clk 1:30:41]} 14. Bb2 {[%clk 1:23:02]} Bf5 {[%clk 1:23:32]} 15. Qf3
{[%clk 1:05:59]} Qc8 {[%clk 1:11:56]} 16. Rfe1 {[%clk 1:04:28]} Bb4
{[%clk 1:09:55]} 17. Nc3 {[%clk 0:55:47]} Rxe1+ {[%clk 1:06:14]} 18. Rxe1
{[%clk 0:55:55]} Be6 {[%clk 1:05:13]} 19. Qd3 {[%clk 0:48:26]} Nxc3
{[%clk 0:51:55]} 20. Bxc3 {[%clk 0:48:21]} Bxc3 {[%clk 0:51:53]} 21. Qxc3
{[%clk 0:48:30]} Qd7 {[%clk 0:51:48]} 22. Qc5 {[%clk 0:35:17]} a6
{[%clk 0:50:05]} 23. Qb6 {[%clk 0:21:06]} Rd8 {[%clk 0:45:15]} 24. h4
{[%clk 0:17:18]} Qc8 {[%clk 0:42:48]} 25. Re5 {[%clk 0:12:45]} Rd7
{[%clk 0:39:21]} 26. Qc5 {[%clk 0:10:37]} Qd8 {[%clk 0:36:48]} 27. Qb4
{[%clk 0:09:30]} h6 {[%clk 0:30:57]} 28. d5 {[%clk 0:06:47]} cxd5
{[%clk 0:28:09]} 29. Qd4 {[%clk 0:06:56]} Rd6 {[%clk 0:23:38]} 30. f4
{[%clk 0:06:33]} Qd7 {[%clk 0:22:09]} 31. f5 {[%clk 0:04:06]} Bxf5
{[%clk 0:22:01]} 32. Rxd5 {[%clk 0:03:59]} Rxd5 {[%clk 0:21:42]} 33. Qxd5
{[%clk 0:04:08]} Qxd5 {[%clk 0:21:32]} 34. Bxd5 {[%clk 0:04:16]} Bc8
{[%clk 0:20:35]} 35. a3 {[%clk 0:04:00]} Kf8 {[%clk 0:20:28]} 36. Kf2
{[%clk 0:04:01]} f6 {[%clk 0:20:10]} 37. Ke3 {[%clk 0:03:59]} Ke7
{[%clk 0:20:13]} 38. b4 {[%clk 0:03:33]} Kd6 {[%clk 0:19:55]} 39. Kd4
{[%clk 0:03:18]} b6 {[%clk 0:19:29]} 40. Be4 {[%clk 0:02:35]} Bd7
{[%clk 0:16:38]} 41. Bd3 {[%clk 0:01:13]} Bc8 {[%clk 0:13:35]} 42. Be4
{[%clk 0:24:41]} g5 {[%clk 0:37:11]} 43. hxg5 {[%clk 0:24:26]} hxg5
{[%clk 0:33:21]} 44. a4 {[%clk 0:22:48]} a5 {[%clk 0:31:31]} 45. bxa5
{[%clk 0:22:30]} bxa5 {[%clk 0:31:21]} 46. Bd3 {[%clk 0:19:32]} Bd7
{[%clk 0:29:38]} 47. Bc2 {[%clk 0:18:26]} f5 {[%clk 0:26:32]} 48. Bd1
{[%clk 0:17:25]} Bc6 {[%clk 0:23:10]} 49. Bc2 {[%clk 0:14:30]} f4
{[%clk 0:19:07]} 50. gxf4 {[%clk 0:14:38]} g4 {[%clk 0:18:22]} 51. Bf5
{[%clk 0:14:31]} g3 {[%clk 0:18:19]} 52. Bh3 {[%clk 0:14:26]} Bxa4
{[%clk 0:18:19]} 53. Kc3 {[%clk 0:10:12]} Bd7 {[%clk 0:18:05]} 54. Bg2
{[%clk 0:09:27]} Kc5 {[%clk 0:18:06]} 55. Kb3 {[%clk 0:06:34]} Kd4
{[%clk 0:17:42]} 56. Ka3 {[%clk 0:05:18]} Ke3 {[%clk 0:17:35]} 57. f5
{[%clk 0:04:47]} Bxf5 {[%clk 0:16:29]} 58. Ka4 {[%clk 0:04:32]} Kf2
{[%clk 0:16:26]} 59. Bh1 {[%clk 0:01:42]} Bg4 {[%clk 0:16:29]} 0-1